| 000 | 00580nam a2200181 i 4500 | ||
|---|---|---|---|
| 001 | 90804 | ||
| 003 | ES-MaACL | ||
| 005 | 20230906180551.0 | ||
| 007 | t| | ||
| 008 | 050125s1926 fr ||||1| fre d | ||
| 100 | 1 |
_aLe Clert, Louis. _970857 |
|
| 245 | 1 | 3 |
_aLe papier _b: recherches et notes pour servir a l'histoire du papier / _cpar Louis Le Clert ; avec préface par Henri Stein. |
| 260 |
_aParís : _bA l'Enseine du Pegaso, _c1926. |
||
| 300 |
_a2 v. ; _c41 cm. |
||
| 650 | 4 |
_aPapel- _xHistoria. _9136651 |
|
| 700 | 1 |
_aStein, Henri. _9108031 |
|
| 852 |
_aES-MaACL _jB-8100-8101 |
||
| 999 |
_c90804 _d90804 |
||